Costa Rica: acontecimientos fundamentales 1982-1985 /
সংরক্ষণ করুন:
| প্রধান লেখক: | |
|---|---|
| অন্যান্য লেখক: | |
| বিন্যাস: | পাঠ্য |
| প্রকাশিত: |
San José:
ICADIS
|
| ট্যাগগুলো: |
ট্যাগ যুক্ত করুন
কোনো ট্যাগ নেই, প্রথমজন হিসাবে ট্যাগ করুন!
|
MARC
| LEADER | 00000 a a2200000 04500 | ||
|---|---|---|---|
| 001 | 23776 | ||
| 003 | |||
| 040 | |||
| 090 | |a 168200 | ||
| 100 | |a Rovira Mas, Jorge | ||
| 245 | |a Costa Rica: acontecimientos fundamentales 1982-1985 / |c Jorge Rovira Mas | ||
| 260 | |a San José: |b ICADIS | ||
| 300 | |a 59 p. | ||
| 700 | |a Sánchez Machado, Mario Alejo | ||
| 999 | |c 11425 |d 11425 | ||
